2012 Detroit Lions Roster - Statistics

General Stats
  • This quiz has been taken 156 times
  • The average score is 17 of 58
Answer Stats
Position Player % Correct
QB Matthew Stafford
99%
WR Calvin Johnson
93%
DT Ndamukong Suh
73%
RB Jahvid Best
57%
TE Brandon Pettigrew
53%
RB Joique Bell
52%
QB Shaun Hill
52%
K Jason Hanson
49%
DT Sammie Lee Hill
49%
CB Alphonso Smith
48%
RB Kevin Smith
47%
WR Titus Young
47%
DE Willie Young
46%
WR Nate Burleson
45%
DT Nick Fairley
43%
RB Mikel Leshoure
41%
DT Corey Williams
39%
QB Kellen Moore
37%
C Dominic Raiola
35%
LB DeAndre Levy
34%
DE Kyle Vanden Bosch
34%
CB Chris Houston
31%
DE Cliff Avril
31%
S Louis Delmas
31%
OT Jeff Backus
30%
LB Stephen Tulloch
30%
TE Tony Scheffler
29%
G Rob Sims
28%
OT Riley Reiff
26%
WR Ryan Brolyes
26%
DE Lawrence Jackson
23%
P Nick Harris
21%
RB Stefan Logan
21%
OT Gosder Cherilus
20%
CB Jonte Green
18%
LB Justin Durant
18%
TE Will Heller
16%
CB Bill Bentley
15%
LB Tahir Whitehead
15%
LB Ashlee Palmer
14%
G Stephen Peterman
13%
S Amari Spievey
12%
OT Jason Fox
12%
DE Ronnell Lewis
12%
LB Travis Lewis
12%
CB Chris Greenwood
10%
CB Jacob Lacey
10%
LS Don Muhlbach
9%
CB Drayton Florence
7%
G Dylan Gandy
7%
S Erik Coleman
7%
S John Wendling
7%
WR Kassim Osgood
7%
WR Brian Robiskie
5%
S Ricardo Silva
5%
OT Corey Hilliard
4%
CB Justin Miller
4%
C Bill Nagy
3%
No matching quizzes found
Score Distribution
Percent of People with Each Score
Percentile by Number Answered
Your Score History
You have not taken this quiz